Pendidikan tinggi di Uni Sovjet (Record no. 58414)

MARC details
000 -LEADER
fixed length control field 00683cam a22002291 4500
001 - CONTROL NUMBER
control field sa 64004286
003 - CONTROL NUMBER IDENTIFIER
control field DLC
005 - DATE AND TIME OF LATEST TRANSACTION
control field 20260227112023.0
008 - FIXED-LENGTH DATA ELEMENTS--GENERAL INFORMATION
fixed length control field 881208q io 000 0 ind
010 ## - LIBRARY OF CONGRESS CONTROL NUMBER
LC control number sa 64004286
035 ## - SYSTEM CONTROL NUMBER
System control number (OCoLC)23580999
040 ## - CATALOGING SOURCE
Original cataloging agency DLC
Transcribing agency MiU
Modifying agency DLC
042 ## - AUTHENTICATION CODE
Authentication code premarc
043 ## - GEOGRAPHIC AREA CODE
Geographic area code e-ur---
050 00 - LIBRARY OF CONGRESS CALL NUMBER
Classification number LA838
Item number .E516
100 1# - MAIN ENTRY--PERSONAL NAME
Personal name Eli͡utin, Vi͡acheslav Petrovich,
Dates associated with a name 1907-
240 00 - UNIFORM TITLE
Uniform title Higher education in the USSR.
Language of a work Indonesian.
245 10 - TITLE STATEMENT
Title Pendidikan tinggi di Uni Sovjet
260 ## - PUBLICATION, DISTRIBUTION, ETC.
Place of publication, distribution, etc. Djakarta,
Name of publisher, distributor, etc. Lembaga Kebudajaan Rakjat, Bagian Penerbitan
Date of publication, distribution, etc. [cover 1963]
300 ## - PHYSICAL DESCRIPTION
Extent 52 p.
Dimensions 22 cm.
650 #0 - SUBJECT ADDED ENTRY--TOPICAL TERM
Topical term or geographic name entry element Universities and colleges
Geographic subdivision Soviet Union

No items available.

Powered by Koha